Then của người Pu Nả ở Lai Châu
Trình bày sơ lược về Then của người Pu Nả ở Lai Châu. Giới thiệu văn bản Then, gồm 4115 câu diễn tả hành trình lên mường tổ tiên của đoàn người, gồm: gia tộc Then, quân lính, người hầu cùng Then ngồi lên thuyền gió, được chim én dẫn đ...
Tallennettuna:
| Aineistotyyppi: | Kirja |
|---|---|
| Kieli: | Undetermined |
| Julkaistu: |
Hà Nội
Văn hóa dân tộc
2019
|
| Aiheet: | |
| Tagit: |
Lisää tagi
Ei tageja, Lisää ensimmäinen tagi!
|
| Thư viện lưu trữ: | Trung tâm Học liệu Trường Đại học Cần Thơ |
|---|
| LEADER | 01162nam a2200193Ia 4500 | ||
|---|---|---|---|
| 001 | CTU_235556 | ||
| 008 | 210402s9999 xx 000 0 und d | ||
| 082 | |a 390.09597173 | ||
| 082 | |b Th203 | ||
| 245 | 0 | |a Then của người Pu Nả ở Lai Châu | |
| 245 | 0 | |c Lò Văn Chiến (sưu tầm, biên dịch) | |
| 260 | |a Hà Nội | ||
| 260 | |b Văn hóa dân tộc | ||
| 260 | |c 2019 | ||
| 520 | |a Trình bày sơ lược về Then của người Pu Nả ở Lai Châu. Giới thiệu văn bản Then, gồm 4115 câu diễn tả hành trình lên mường tổ tiên của đoàn người, gồm: gia tộc Then, quân lính, người hầu cùng Then ngồi lên thuyền gió, được chim én dẫn đường đi vào cõi siêu linh để lên mường tổ tiên ở trên trời tìm và đón hồn trở về với người ở dưới trần gian. | ||
| 650 | |a Phong tục tập quán,Manners and customs | ||
| 650 | |z Việt Nam,Vietnam | ||
| 910 | |b dqhieu | ||
| 980 | |a Trung tâm Học liệu Trường Đại học Cần Thơ | ||